书目信息 |
| 题名: |
洛阳考古集成
|
|
| 作者: | 杨作龙 , 毛阳光 主编 ;洛阳师范学院河洛文化国际研究中心 编 | |
| 分册: | 原始社会卷 | |
| 出版信息: | 北京 北京图书馆出版社 2006.12 |
|
| 页数: | 261页 | |
| 开本: | 29cm | |
| 丛书名: | ||
| 单 册: | ||
| 中图分类: | K872.613 | |
| 科图分类: | ||
| 主题词: | 考古调查--kao gu diao cha--洛阳--文集 , 考古发掘--kao gu fa jue--发掘报告--洛阳--文集 , 原始社会考古--yuan shi she hui kao gu--洛阳--文集 | |
| 电子资源: | ||
| ISBN: | 7-5013-3199-5 | |
| 000 | 01234nam0 2200277 450 | |
| 001 | 012010213609 | |
| 005 | 20100106164533.37 | |
| 010 | @a7-5013-3199-5@dCNY35.00 | |
| 100 | @a20100106d2006 em y0chiy0120 ea | |
| 101 | 0 | @achi |
| 102 | @aCN@b110000 | |
| 105 | @aak z 000yy | |
| 106 | @ar | |
| 200 | 1 | @a洛阳考古集成@Aluo yang kao gu ji cheng@i原始社会卷@f洛阳师范学院河洛文化国际研究中心编@Fluo yang shi fan xue yuan he luo wen hua guo ji yan jiu zhong xin bian@g杨作龙, 毛阳光主编@Gyang zuo long,mao yang guang zhu bian |
| 210 | @a北京@c北京图书馆出版社@d2006.12 | |
| 215 | @a261页@c图@d29cm | |
| 330 | @a本书是洛阳近50多年(1956—2002)原始社会时期考古发掘资料的汇编,主要有一些国家级、省级刊物公开发表的有关考古专著、发掘报告和相关研究论文。 | |
| 606 | 0 | @a考古调查@Akao gu diao cha@y洛阳@j文集 |
| 606 | 0 | @a考古发掘@Akao gu fa jue@x发掘报告@y洛阳@j文集 |
| 606 | 0 | @a原始社会考古@Ayuan shi she hui kao gu@y洛阳@j文集 |
| 690 | @aK872.613@v4 | |
| 701 | 0 | @a杨作龙@Ayang zuo long@4主编 |
| 701 | 0 | @a毛阳光@Amao yang guang@4主编 |
| 712 | 02 | @a洛阳师范学院河洛文化国际研究中心@Aluo yang shi fan xue yuan he luo wen hua guo ji yan jiu zhong xin@4编 |
| 801 | 0 | @aCN@bQSSK@c20100106 |
| 905 | @b771766-67@dK872.613@eY333@f2 | |
| 洛阳考古集成.原始社会卷/洛阳师范学院河洛文化国际研究中心编/杨作龙, 毛阳光主编.-北京:北京图书馆出版社,2006.12 |
| 261页:图;29cm |
| ISBN 7-5013-3199-5:CNY35.00 |
| 本书是洛阳近50多年(1956—2002)原始社会时期考古发掘资料的汇编,主要有一些国家级、省级刊物公开发表的有关考古专著、发掘报告和相关研究论文。 |
| ● |
| 相关链接 |
|
|
|
正题名:洛阳考古集成
索取号:K872.613/Y333
 
预约/预借
| 序号 | 登录号 | 条形码 | 馆藏地/架位号 | 状态 | 备注 |
| 1 | 771766 | 207717666 | 社科库309/309社科库 7排4列6层/ [索取号:K872.613/Y333] | 在馆 | |
| 2 | 771767 | 207717675 | 社科库309/309社科库 7排4列6层/ [索取号:K872.613/Y333] | 在馆 |